000 00683nam a2200133 a 4500
008 070523s2006 ||||||||||||||||| || u
050 _aTHESIS/STUDENT
100 _aMukwato, Jamie
245 1 3 _aAn evaluation of public awareness strategy in solid waste management; a case of Lusaka City Council
_cThesis supervised by Mr. Muwowo Francis
260 _aKitwe
_bCopperbelt University, School of Built Environment, Department of Urban and Regional Planning
_c2006
350 _a0.00
650 _aSOLID WASTE MANAGEMENT--LUSAKA--ZAMBIA
995 _D0.00
_FCBU-MAIN LIBRARY (Kitwe)
_H1
_I0.00
_M1
_UAVAILABLE
_WMay 23, 2007
_ZUniversity Collection
999 _c42681
_d42681